000 00378nam a2200157Ia 4500
999 _c12455
_d12455
003 OSt
005 20200728123104.0
008 190722s9999 xx 000 0 und d
020 _a978-81-8487-346-7
040 _cMAJU
100 _aMourya, Gupta
245 0 _aE- Commerce
260 _aNew Delhi
_bNarosa Publishing House Pvt. Ltd.
_c2015
300 _aM.30
942 _cBK
_2ddc